00457nam a2200145Ia 4500082001900000245008800019260004800107300001400155504001900169650003200188650002200220650002100242650003000263700001800293 a616.85206 COG- 0aCognitive behavioural therapy for eating disorders: a comprehensive treatment guide aCambridgebCambridge University Pressc2007 axxii, 444 aincludes index aEating disordersvTreatment aCognitive therapy aBehavior therapy aEating disordersvTherapy aWaller, Glenn